| 000 -LEADER |
| fixed length control field |
00945nam a2200205 a 4500 |
| 001 - CONTROL NUMBER |
| control field |
:::00000015$&:&@@ |
| 003 - CONTROL NUMBER IDENTIFIER |
| control field |
OkBaRHE |
| 005 - DATE AND TIME OF LATEST TRANSACTION |
| control field |
20110915153019.0 |
| 008 - FIXED-LENGTH DATA ELEMENTS--GENERAL INFORMATION |
| fixed length control field |
s1995 j 000 0 eng u |
| 040 ## - CATALOGING SOURCE |
| Transcribing agency |
|
| 100 1# - MAIN ENTRY--PERSONAL NAME |
| Personal name |
Meyer, Joyce, 1943- |
| 245 10 - TITLE STATEMENT |
| Title |
Battlefield of the mind: |
| Remainder of title |
winning the battle in your mind. |
| 260 ## - PUBLICATION, DISTRIBUTION, ETC. (IMPRINT) |
| Place of publication, distribution, etc |
Tulsa, OK., : |
| Name of publisher, distributor, etc |
Harrison House |
| Date of publication, distribution, etc |
1995 |
| 300 ## - PHYSICAL DESCRIPTION |
| Extent |
259 p. 21 cm. |
| 520 ## - SUMMARY, ETC. |
| Summary, etc |
In this book, author Joyce Meyer uncovers the tactics of the enemy and gives you a clear-cut plan to triumph in the fight for your mind. Joyce will teach you how to renew your mind through the Word and stand victoriously in the battlefield of the mind. |
| 650 ## - SUBJECT ADDED ENTRY--TOPICAL TERM |
| Topical term or geographic name as entry element |
Spiritual warfare. |
| 650 ## - SUBJECT ADDED ENTRY--TOPICAL TERM |
| Topical term or geographic name as entry element |
Thought and thinking |
| General subdivision |
Religious aspects |
| -- |
Christianity. |
| 942 ## - ADDED ENTRY ELEMENTS (KOHA) |
| Source of classification or shelving scheme |
|
| Koha item type |
Books |